[Event "London Classic op"]
[Site "London"]
[Date "2017.12.06"]
[Round "6"]
[White "Yuan, Yuanling"]
[Black "Vishnu, Prasanna V"]
[Result "0-1"]
[WhiteElo "2243"]
[BlackElo "2536"]
[PlyCount "88"]
[EventDate "2017.12.02"]
[EventType "swiss"]
[EventRounds "9"]
[EventCountry "ENG"]
[SourceTitle "CBM 182 Extra"]
[Source "ChessBase"]
[SourceDate "2018.02.23"]
[SourceVersion "1"]
[SourceVersionDate "2018.02.23"]
[SourceQuality "1"]

1. e4 c5 2. Nf3 d6 3. d4 cxd4 4. Nxd4 Nf6 5. Nc3 a6 6. Be3 e5 7. Nb3 Be6 8. f3 Be7 9. Qd2 h5 10. Nd5 Nxd5 11. exd5 Bf5 12. Be2 Bh4+ 13. g3 Be7 14. c4 Nd7 15. Na5 Qc7 16. b4 0-0 17. 0-0 Nf6 18. Bd3 Bh3 19. Rfe1 h4 20. Rac1 Qd7 21. Bf2 Rae8 22. Bb1 hxg3 23. hxg3 Bf5 24. c5 Bxb1 25. Rxb1 Bd8 26. Nc4 e4 27. fxe4 Nxe4 28. Qd3 Nxf2 29. Kxf2 Rxe1 30. Rxe1 dxc5 31. bxc5 Qb5 32. Qd4 Bf6 33. Ne5 Rc8 34. Rc1 Bxe5 35. Qxe5 Re8 36. Qg5 Qd3 37. Kg1 f6 38. Qf4 Re4 39. Qf2 Re2 40. Qf4 g5 41. Qb8+ Kg7 42. Qxb7+ Kh6 43. Qb3 Qd4+ 44. Kh1 Qe4+ 0-1

[Event "Olympiad Women-42"]
[Site "Baku"]
[Date "2016.09.05"]
[Round "4.24"]
[White "Fronda Pascua, Jan Jodilyn"]
[Black "Yuan, Yuanling"]
[Result "0-1"]
[WhiteElo "2128"]
[BlackElo "2205"]
[PlyCount "140"]
[EventDate "2016.09.02"]
[EventType "team-swiss"]
[EventRounds "11"]
[EventCountry "AZE"]
[SourceTitle "CBM 174 Extra"]
[Source "ChessBase"]
[SourceDate "2016.10.10"]
[SourceVersion "1"]
[SourceVersionDate "2016.10.10"]
[SourceQuality "1"]
[WhiteTeam "Philippines (W)"]
[BlackTeam "Canada (W)"]
[WhiteTeamCountry "PHI"]
[BlackTeamCountry "CAN"]

1. e4 c5 2. Nf3 d6 3. Bb5+ Bd7 4. Bxd7+ Nxd7 5. b3 Ngf6 6. Qe2 e6 7. Bb2 Be7 8. c4 0-0 9. 0-0 e5 10. Nc3 Re8 11. Ne1 Nf8 12. f4 Ne6 13. f5 Nd4 14. Qd1 a6 15. d3 b5 16. g4 h6 17. Ng2 bxc4 18. dxc4 Rb8 19. Ne3 Nh7 20. Ncd5 Bg5 21. Ng2 a5 22. Bc3 Nf6 23. Nxf6+ Bxf6 24. Ne3 Bg5 25. Nd5 Rb7 26. Rb1 Ra7 27. Rb2 Qd7 28. Qe1 Qd8 29. f6 Re6 30. Ne7+ Kh7 31. Bxd4 exd4 32. Nc6 Qb6 33. Nxa7 Qxa7 34. Re2 Bxf6 35. Rf3 Kg8 36. Kg2 Qa8 37. h4 Qd8 38. Kh3 Be5 39. Ref2 Rf6 40. Rxf6 Bxf6 41. Rf5 Be5 42. Qf1 Qd7 43. Qe1 Qa7 44. Rf3 Qa8 45. Qe2 Qa7 46. Rd3 Bf4 47. Qf3 g5 48. hxg5 hxg5 49. Kg2 a4 50. Qd1 axb3 51. Qxb3 Qa8 52. Kf3 Kg7 53. Qb2 Qa5 54. Ke2 Qa4 55. Qb3 Qa8 56. Kf3 Qh8 57. Kg2 Qh2+ 58. Kf1 Qh1+ 59. Kf2 Qh4+ 60. Kf1 Qxg4 61. Qc2 Qe6 62. Rf3 Be5 63. a4 g4 64. Rf5 Qh6 65. Rf2 g3 66. Rf3 Qh1+ 67. Ke2 g2 68. Rg3+ Kh6 69. Rxg2 Qxg2+ 70. Kd1 Qf1+ 0-1

[Event "Olympiad Women-42"]
[Site "Baku"]
[Date "2016.09.02"]
[Round "1.39"]
[White "Yuan, Yuanling"]
[Black "Adhikari, Ashmita"]
[Result "1-0"]
[WhiteElo "2205"]
[BlackElo "1632"]
[PlyCount "69"]
[EventDate "2016.09.02"]
[EventType "team-swiss"]
[EventRounds "11"]
[EventCountry "AZE"]
[SourceTitle "CBM 174 Extra"]
[Source "ChessBase"]
[SourceDate "2016.10.10"]
[SourceVersion "1"]
[SourceVersionDate "2016.10.10"]
[SourceQuality "1"]
[WhiteTeam "Canada (W)"]
[BlackTeam "Nepal (W)"]
[WhiteTeamCountry "CAN"]
[BlackTeamCountry "NEP"]

1. e4 e5 2. Nf3 Nc6 3. Bb5 Nf6 4. 0-0 Be7 5. Re1 d6 6. c3 a6 7. Ba4 b5 8. Bc2 Bg4 9. h3 Bh5 10. d3 0-0 11. Nbd2 Qd7 12. Nf1 h6 13. Ng3 Bg6 14. d4 exd4 15. cxd4 Rad8 16. Nh4 Bh7 17. Nhf5 Kh8 18. Be3 Ng8 19. Qg4 g5 20. f4 Bxf5 21. Nxf5 f6 22. h4 Rf7 23. hxg5 fxg5 24. d5 Nb8 25. fxg5 Bxg5 26. Bxg5 hxg5 27. Re3 Nf6 28. Qxg5 Nh7 29. Qh4 Qe8 30. Rg3 Nd7 31. e5 dxe5 32. Ng7 Rxg7 33. Rxg7 Ndf6 34. Rxh7+ Kg8 35. Qxf6 1-0

[Event "Manchester 05"]
[Site "Manchester"]
[Date "2015.05.08"]
[Round "4"]
[White "Brattain, Mika A"]
[Black "Yuan, Yuanling"]
[Result "1-0"]
[WhiteElo "2344"]
[BlackElo "2270"]
[PlyCount "59"]
[EventDate "2015.05.07"]
[EventType "tourn"]
[EventRounds "9"]
[EventCountry "USA"]
[EventCategory "3"]
[SourceTitle "CBM 166 Extra"]
[Source "ChessBase"]
[SourceDate "2015.06.18"]
[SourceVersion "1"]
[SourceVersionDate "2015.06.18"]
[SourceQuality "1"]

1. Nf3 Nf6 2. g3 g6 3. b3 Bg7 4. Bb2 d6 5. d4 0-0 6. Bg2 c6 7. 0-0 Nbd7 8. c4 Qa5 9. Nc3 e5 10. e4 b5 11. cxb5 cxb5 12. Re1 Bb7 13. a3 Rac8 14. b4 Qb6 15. d5 a6 16. Nd2 Qa7 17. Bf1 h5 18. Be2 Nb6 19. a4 bxa4 20. Nxa4 Nxa4 21. Rxa4 Bh6 22. b5 Qb6 23. Nc4 Qxb5 24. Ba3 Qd7 25. Nxd6 Rc3 26. Nxb7 Qxb7 27. Bxf8 Kxf8 28. Qb1 Rb3 29. Qc2 Rb4 30. Qc5+ 1-0

[Event "Manchester 05"]
[Site "Manchester"]
[Date "2015.05.08"]
[Round "3"]
[White "Yuan, Yuanling"]
[Black "Shmeliov, Denis"]
[Result "0-1"]
[WhiteElo "2270"]
[BlackElo "2411"]
[PlyCount "36"]
[EventDate "2015.05.07"]
[EventType "tourn"]
[EventRounds "9"]
[EventCountry "USA"]
[EventCategory "3"]
[SourceTitle "CBM 166 Extra"]
[Source "ChessBase"]
[SourceDate "2015.06.18"]
[SourceVersion "1"]
[SourceVersionDate "2015.06.18"]
[SourceQuality "1"]

1. Nf3 Nf6 2. c4 c6 3. g3 d5 4. Bg2 dxc4 5. 0-0 Nbd7 6. Qc2 Nb6 7. Na3 Qd5 8. Nh4 Qe6 9. e4 g6 10. f4 Bg7 11. f5 Qe5 12. fxg6 Qd4+ 13. Kh1 hxg6 14. Qc3 Nh5 15. Nc2 Qd3 16. Qxd3 cxd3 17. Ne3 Nxg3+ 18. hxg3 g5 0-1

[Event "Manchester 05"]
[Site "Manchester"]
[Date "2015.05.07"]
[Round "1"]
[White "Gorti, Akshita"]
[Black "Yuan, Yuanling"]
[Result "1-0"]
[WhiteElo "2080"]
[BlackElo "2270"]
[PlyCount "89"]
[EventDate "2015.05.07"]
[EventType "tourn"]
[EventRounds "9"]
[EventCountry "USA"]
[EventCategory "3"]
[SourceTitle "CBM 166 Extra"]
[Source "ChessBase"]
[SourceDate "2015.06.18"]
[SourceVersion "1"]
[SourceVersionDate "2015.06.18"]
[SourceQuality "1"]

1. d4 f5 2. e4 fxe4 3. Nc3 Nf6 4. Bg5 Nc6 5. d5 Ne5 6. Qe2 c6 7. 0-0-0 cxd5 8. f4 Nf7 9. Bxf6 gxf6 10. Nxd5 e6 11. Qxe4 f5 12. Qe3 Be7 13. Nxe7 Qxe7 14. Qc3 a6 15. Be2 Rg8 16. Bf3 d5 17. Re1 Qd6 18. Qd4 Kf8 19. Ne2 Bd7 20. Qd2 Rc8 21. Nd4 b5 22. Re2 b4 23. Rhe1 Rg6 24. Bh5 Rf6 25. Bxf7 Kxf7 26. Nf3 Kg7 27. Re5 a5 28. g4 fxg4 29. Rg1 a4 30. Rxg4+ Kh8 31. Reg5 b3 32. Qd4 Qe7 33. axb3 axb3 34. c3 Rcf8 35. Ne5 Be8 36. Rg7 Qd6 37. Nc4 Qd8 38. R7g5 Bg6 39. Ne5 Qa5 40. Nxg6+ hxg6 41. Rxg6 Qa1+ 42. Kd2 Qxb2+ 43. Ke1 Qc1+ 44. Kf2 Qc2+ 45. Kg3 1-0

[Event "World-ch (Women) k.o."]
[Site "Sochi"]
[Date "2015.03.19"]
[Round "1.3"]
[White "Yuan, Yuanling"]
[Black "Muzychuk, Mariya"]
[Result "0-1"]
[WhiteElo "2257"]
[BlackElo "2526"]
[PlyCount "82"]
[EventDate "2015.03.17"]
[EventType "k.o."]
[EventRounds "6"]
[EventCountry "RUS"]
[SourceTitle "CBM 166"]
[Source "ChessBase"]
[SourceDate "2015.05.11"]
[SourceVersion "1"]
[SourceVersionDate "2015.05.11"]
[SourceQuality "1"]

1. e4 c5 2. Nf3 e6 3. d4 cxd4 4. Nxd4 a6 5. Bd3 Qc7 6. 0-0 Nf6 7. Nc3 Nc6 8. Nb3 Be7 9. f4 d6 10. Be3 0-0 11. Qf3 Rb8 12. a4 b6 13. Qg3 Bb7 14. Rae1 e5 15. f5 Kh8 16. Nd2 Nb4 17. Kh1 Bc6 18. Bg1 b5 19. axb5 axb5 20. Ra1 Nxd3 21. cxd3 Ra8 22. Qe3 b4 23. Ne2 d5 24. Rfc1 Qb7 25. Ng3 Rfc8 26. h3 d4 27. Qe2 Bb5 28. Rxa8 Qxa8 29. Nb3 Rxc1 30. Nxc1 Qc6 31. Qd2 Nd7 32. Nge2 h6 33. Nb3 Ba4 34. Nbxd4 exd4 35. Nxd4 Qd6 36. b3 Bc6 37. Qc2 Ne5 38. Qa2 Nxd3 39. Qa7 Bxe4 40. Nb5 Qe5 41. Bd4 Qg3 0-1

[Event "World-ch (Women) k.o."]
[Site "Sochi"]
[Date "2015.03.18"]
[Round "1.2"]
[White "Muzychuk, Mariya"]
[Black "Yuan, Yuanling"]
[Result "1-0"]
[WhiteElo "2526"]
[BlackElo "2257"]
[PlyCount "43"]
[EventDate "2015.03.17"]
[EventType "k.o."]
[EventRounds "6"]
[EventCountry "RUS"]
[SourceTitle "CBM 166"]
[Source "ChessBase"]
[SourceDate "2015.05.11"]
[SourceVersion "1"]
[SourceVersionDate "2015.05.11"]
[SourceQuality "1"]

1. d4 f5 2. c4 Nf6 3. Nc3 g6 4. h4 Bg7 5. h5 Nxh5 6. e4 fxe4 7. Rxh5 gxh5 8. Qxh5+ Kf8 9. Bh6 e6 10. Nxe4 Qe7 11. Bxg7+ Kxg7 12. 0-0-0 d6 13. Rd3 Rf8 14. Ng5 Kh8 15. Rh3 Rf5 16. N1f3 Nd7 17. g4 Nf6 18. Qg6 Rxg5 19. Qxg5 Qg7 20. Bd3 Bd7 21. Qxg7+ Kxg7 22. g5 1-0

[Event "World-ch (Women) k.o."]
[Site "Sochi"]
[Date "2015.03.17"]
[Round "1.1"]
[White "Yuan, Yuanling"]
[Black "Muzychuk, Mariya"]
[Result "1-0"]
[WhiteElo "2257"]
[BlackElo "2526"]
[PlyCount "91"]
[EventDate "2015.03.17"]
[EventType "k.o."]
[EventRounds "6"]
[EventCountry "RUS"]
[SourceTitle "CBM 166"]
[Source "ChessBase"]
[SourceDate "2015.05.11"]
[SourceVersion "1"]
[SourceVersionDate "2015.05.11"]
[SourceQuality "1"]

1. e4 c6 2. d4 d5 3. Nc3 dxe4 4. Nxe4 Nf6 5. Nxf6+ exf6 6. Nf3 Bd6 7. Bd3 0-0 8. 0-0 Bg4 9. h3 Bh5 10. Be4 Na6 11. c3 Nc7 12. Qd3 Bg6 13. Bxg6 hxg6 14. c4 Qd7 15. Be3 g5 16. Nd2 g4 17. hxg4 Qxg4 18. Ne4 Be7 19. Ng3 g6 20. Qe4 Qd7 21. Rad1 Kg7 22. d5 cxd5 23. cxd5 Nb5 24. Qf3 Rh8 25. Ne4 f5 26. Ng3 Rh4 27. Bf4 Rah8 28. Rfe1 Bd6 29. Bg5 Rg4 30. Bc1 Qc7 31. Rd3 Rgh4 32. Bg5 Rg4 33. Bd2 Qd8 34. b3 Qh4 35. a4 Nc7 36. Bc3+ f6 37. Kf1 Rf4 38. Qd1 Bc5 39. Rf3 Qg4 40. d6 Rxf3 41. Re7+ Kf8 42. gxf3 Qh3+ 43. Ke2 Qg2 44. Be1 Ne8 45. Qd5 Nxd6 46. Qe6 1-0

[Event "Chicago op 23rd"]
[Site "Wheeling"]
[Date "2014.05.22"]
[Round "1"]
[White "Molner, Mackenzie"]
[Black "Yuan, Yuanling"]
[Result "1-0"]
[WhiteElo "2522"]
[BlackElo "2230"]
[PlyCount "117"]
[EventDate "2014.05.22"]
[EventType "swiss"]
[EventRounds "9"]
[EventCountry "USA"]
[SourceTitle "CBM 160 Extra"]
[Source "ChessBase"]
[SourceDate "2014.07.01"]
[SourceVersion "1"]
[SourceVersionDate "2014.07.01"]
[SourceQuality "1"]

1. e4 c5 2. Nf3 d6 3. d4 cxd4 4. Nxd4 Nf6 5. Nc3 g6 6. Be3 Bg7 7. f3 a6 8. Qd2 Nbd7 9. Be2 b5 10. 0-0 Bb7 11. a4 b4 12. Na2 a5 13. c3 bxc3 14. Nxc3 0-0 15. Rfd1 Nc5 16. Rab1 Qb6 17. Ndb5 Rfc8 18. b3 Nfd7 19. Nd5 Bxd5 20. exd5 Qb7 21. Bf1 Nb6 22. g3 Ncd7 23. Bh3 Rd8 24. Bg2 Nf6 25. f4 Rdc8 26. Rbc1 Ng4 27. Rc6 Nd7 28. Rdc1 Nxe3 29. Qxe3 Nc5 30. R6xc5 dxc5 31. d6 Qxb5 32. axb5 Bd4 33. Qxd4 cxd4 34. Ra1 exd6 35. Bxa8 Rxa8 36. Kf2 Kf8 37. Ke2 Ke7 38. Ra4 Rb8 39. Rxa5 Ke6 40. Kd3 Kd5 41. b4 h5 42. b6+ Kc6 43. Kxd4 Kxb6 44. Kd5 Rd8 45. Ra2 Rd7 46. Rf2 Kb5 47. f5 Kxb4 48. f6 Kb5 49. Rb2+ Ka5 50. Rb8 Rc7 51. Kxd6 Rc2 52. Ke7 Rc7+ 53. Kf8 g5 54. Re8 h4 55. Re5+ Kb6 56. Rxg5 Kc6 57. gxh4 Kd6 58. h5 Ke6 59. Kg7 1-0

[Event "North American op 23rd"]
[Site "Las Vegas"]
[Date "2013.12.28"]
[Round "6"]
[White "Yuan, Yuanling"]
[Black "Banawa, Joel Cholo"]
[Result "1-0"]
[WhiteElo "2210"]
[BlackElo "2358"]
[PlyCount "75"]
[EventDate "2013.12.26"]
[EventType "swiss"]
[EventRounds "9"]
[EventCountry "USA"]
[SourceTitle "CBM 158 Extra"]
[Source "ChessBase"]
[SourceDate "2014.02.28"]
[SourceVersion "1"]
[SourceVersionDate "2014.02.28"]
[SourceQuality "1"]

1. e4 e5 2. Nf3 Nc6 3. Bb5 a6 4. Ba4 Nf6 5. 0-0 Be7 6. Re1 b5 7. Bb3 d6 8. c3 0-0 9. h3 Nb8 10. d4 Nbd7 11. Nbd2 Bb7 12. Bc2 Re8 13. Nf1 Bf8 14. Ng3 g6 15. a4 c5 16. d5 c4 17. a5 Nc5 18. Nh2 Bc8 19. Qf3 h6 20. Ngf1 Bg7 21. g4 Nh7 22. Qg3 Nb7 23. f4 exf4 24. Bxf4 Be5 25. Nf3 Bxf4 26. Qxf4 Ng5 27. Nxg5 Qxg5 28. Qg3 Bd7 29. Nh2 Qd2 30. Rac1 Qg5 31. Nf3 Qf6 32. g5 hxg5 33. Nxg5 Re7 34. Rf1 Qh8 35. Rf4 f6 36. Rh4 Qg7 37. Rh7 Qf8 38. Qh4 1-0

[Event "Olympiad Women-39"]
[Site "Khanty-Mansiysk"]
[Date "2010.10.03"]
[Round "11.29"]
[White "Sanchez Castillo, Sarai Carolina"]
[Black "Yuan, Yuanling"]
[Result "1-0"]
[WhiteElo "2278"]
[BlackElo "2189"]
[PlyCount "147"]
[EventDate "2010.09.21"]
[EventType "team-swiss"]
[EventRounds "11"]
[EventCountry "RUS"]
[SourceTitle "CBM 139"]
[Source "ChessBase"]
[SourceDate "2010.11.18"]
[SourceVersion "1"]
[SourceVersionDate "2010.11.18"]
[SourceQuality "1"]
[WhiteTeam "Venezuela (W)"]
[BlackTeam "Canada (W)"]
[WhiteTeamCountry "VEN"]
[BlackTeamCountry "CAN"]

1. e4 c5 2. Nf3 d6 3. Nc3 Nf6 4. e5 dxe5 5. Nxe5 a6 6. a4 Qc7 7. d4 e6 8. Nc4 Nbd7 9. d5 Nb6 10. Nxb6 Qxb6 11. Be2 Be7 12. 0-0 0-0 13. Bf3 Rd8 14. Qe2 Qc7 15. Re1 Bd6 16. g3 h6 17. b3 e5 18. Bb2 Bf5 19. Ne4 Nxe4 20. Bxe4 Bd7 21. Qd3 Re8 22. c4 Qc8 23. Bh7+ Kh8 24. f3 f5 25. Bg6 Re7 26. Re2 Qf8 27. Rae1 Qf6 28. f4 Qxg6 29. fxe5 Rae8 30. exd6 Re4 31. Rxe4 fxe4 32. Qc3 Bh3 33. a5 Rf8 34. Qe5 Rf5 35. Qe7 Rf7 36. Qh4 Qf5 37. Qxh6+ Kg8 38. Qf4 Qg6 39. Qe5 Kh7 40. Bc1 Qg4 41. Bf4 Qg6 42. Qxe4 Bf5 43. Qe5 Bc2 44. Qe6 Bf5 45. Qxg6+ Kxg6 46. Re6+ Kh7 47. Kg2 Bc2 48. Re7 Rxe7 49. dxe7 Bg6 50. Be3 Kg8 51. d6 Be8 52. Bxc5 Kf7 53. Kf3 Ke6 54. Kf4 Bg6 55. Kg5 Bf7 56. h4 Kd7 57. Kf5 Be8 58. Ba3 Bf7 59. g4 Ke8 60. h5 Kd7 61. Kg5 Be6 62. Kh4 Ke8 63. g5 Bg8 64. Bb2 g6 65. hxg6 Kd7 66. Ba3 Be6 67. Kh5 Bf5 68. g7 Bh7 69. g8Q Bxg8 70. Kg6 Be6 71. Kg7 Ke8 72. g6 Bf5 73. Kf6 Bc2 74. Ke6 1-0

[Event "Olympiad Women-39"]
[Site "Khanty-Mansiysk"]
[Date "2010.09.27"]
[Round "6.17"]
[White "Sharevich, Anna"]
[Black "Yuan, Yuanling"]
[Result "1-0"]
[WhiteElo "2283"]
[BlackElo "2189"]
[PlyCount "155"]
[EventDate "2010.09.21"]
[EventType "team-swiss"]
[EventRounds "11"]
[EventCountry "RUS"]
[SourceTitle "CBM 139"]
[Source "ChessBase"]
[SourceDate "2010.11.18"]
[SourceVersion "1"]
[SourceVersionDate "2010.11.18"]
[SourceQuality "1"]
[WhiteTeam "Belarus (W)"]
[BlackTeam "Canada (W)"]
[WhiteTeamCountry "BLR"]
[BlackTeamCountry "CAN"]

1. d4 Nf6 2. c4 g6 3. Nc3 Bg7 4. e4 d6 5. Be2 0-0 6. Bg5 h6 7. Be3 c5 8. dxc5 Qa5 9. Bd2 Qxc5 10. b4 Qc6 11. Bd3 Be6 12. Rc1 Rc8 13. Nd5 Bxd5 14. exd5 Qd7 15. Ne2 e5 16. 0-0 Na6 17. Qb3 Nc7 18. a4 Qe7 19. Bb1 a5 20. bxa5 Na6 21. Qh3 Qd7 22. Qh4 Qg4 23. Qxg4 Nxg4 24. Nc3 Rxc4 25. Nb5 Rxa4 26. Nxd6 Rd4 27. Bc3 Rxd5 28. Nc4 Rad8 29. Be4 R5d7 30. Bf3 Rc7 31. Bb2 h5 32. h3 e4 33. Bxe4 Nc5 34. Bxg7 Kxg7 35. Nb6 Nf6 36. Bxb7 Rxb7 37. Rxc5 Rd2 38. Ra1 Ne4 39. Rb5 Nd6 40. Rbb1 Kf6 41. a6 Ra7 42. Nd7+ Rxd7 43. a7 Rxa7 44. Rxa7 Nf5 45. Rbb7 Nh6 46. g3 Rd1+ 47. Kg2 Rd3 48. Rb4 Kg7 49. g4 hxg4 50. hxg4 Rd5 51. f3 Rc5 52. Kg3 Rd5 53. Kf4 Rc5 54. Ke4 Rg5 55. Rbb7 Rc5 56. f4 g5 57. Kd4 Rc6 58. fxg5 Nxg4 59. Rxf7+ Kg6 60. Rg7+ Kh5 61. Ra8 Nf2 62. Rh8+ Kg4 63. g6 Kg3 64. Rgg8 Ng4 65. Rg7 Ra6 66. Rb8 Nh6 67. Ke5 Kg4 68. Rb1 Ra5+ 69. Ke6 Ra6+ 70. Kd5 Ra5+ 71. Kc6 Rg5 72. Kd7 Kf5 73. Rf1+ Kg4 74. Rh1 Rh5 75. Rg1+ Kf5 76. Rf7+ Ke4 77. g7 Rd5+ 78. Kc7 1-0

[Event "Olympiad Women-39"]
[Site "Khanty-Mansiysk"]
[Date "2010.09.24"]
[Round "4.16"]
[White "Reizniece Ozola, Dana"]
[Black "Yuan, Yuanling"]
[Result "1/2-1/2"]
[WhiteElo "2318"]
[BlackElo "2189"]
[PlyCount "77"]
[EventDate "2010.09.21"]
[EventType "team-swiss"]
[EventRounds "11"]
[EventCountry "RUS"]
[SourceTitle "CBM 139"]
[Source "ChessBase"]
[SourceDate "2010.11.18"]
[SourceVersion "1"]
[SourceVersionDate "2010.11.18"]
[SourceQuality "1"]
[WhiteTeam "Latvia (W)"]
[BlackTeam "Canada (W)"]
[WhiteTeamCountry "LAT"]
[BlackTeamCountry "CAN"]

1. e4 c5 2. Nf3 d6 3. d4 cxd4 4. Nxd4 Nf6 5. Nc3 g6 6. Be3 Bg7 7. f3 a6 8. Qd2 Nbd7 9. Be2 Qc7 10. g4 Nb6 11. a4 h6 12. Rd1 Bd7 13. a5 Nc4 14. Bxc4 Qxc4 15. b3 Qc7 16. Nd5 Nxd5 17. exd5 h5 18. g5 0-0 19. 0-0 Bh3 20. Rf2 e5 21. dxe6 fxe6 22. c4 Rad8 23. Ne2 Qc6 24. Nf4 Bf5 25. Bb6 Rd7 26. Re1 Re7 27. b4 Be5 28. Nd3 Bg7 29. Rc1 Ref7 30. Nf4 Be5 31. Ne2 Bh3 32. b5 axb5 33. cxb5 Qxb5 34. f4 Bxf4 35. Nxf4 Rxf4 36. Qxf4 Rxf4 37. Rc8+ Kh7 38. Rc7+ Kg8 39. Rc8+ 1/2-1/2

[Event "Olympiad Women-39"]
[Site "Khanty-Mansiysk"]
[Date "2010.09.23"]
[Round "3.26"]
[White "Shabanaj, Eglantina"]
[Black "Yuan, Yuanling"]
[Result "0-1"]
[WhiteElo "2070"]
[BlackElo "2189"]
[PlyCount "110"]
[EventDate "2010.09.21"]
[EventType "team-swiss"]
[EventRounds "11"]
[EventCountry "RUS"]
[SourceTitle "CBM 139"]
[Source "ChessBase"]
[SourceDate "2010.11.18"]
[SourceVersion "1"]
[SourceVersionDate "2010.11.18"]
[SourceQuality "1"]
[WhiteTeam "Albania (W)"]
[BlackTeam "Canada (W)"]
[WhiteTeamCountry "ALB"]
[BlackTeamCountry "CAN"]

1. d4 Nf6 2. Nf3 g6 3. g3 Bg7 4. Bg2 0-0 5. 0-0 d6 6. Re1 Nc6 7. e4 e5 8. d5 Ne7 9. Bg5 h6 10. Be3 Ng4 11. Bd2 f5 12. Nc3 Nf6 13. exf5 gxf5 14. Nh4 Qe8 15. Qe2 Qf7 16. Rad1 a6 17. Bc1 Ng6 18. Nxg6 Qxg6 19. Qc4 Rf7 20. b4 Bf8 21. Ne2 h5 22. Qh4 Rg7 23. f4 Be7 24. Qh3 Bd7 25. c4 Kf7 26. c5 e4 27. Nd4 dxc5 28. Ne6 Bxe6 29. dxe6+ Kg8 30. Bb2 cxb4 31. Bxf6 Bxf6 32. Rd5 Rf8 33. Kh1 Be7 34. Re2 c6 35. Rd7 Qxe6 36. Rxb7 Qd5 37. Re1 Qd2 38. Rg1 e3 39. Qxh5 e2 40. Rxe7 Rxe7 41. Qg6+ Rg7 42. Qe6+ Rff7 43. Bxc6 Kh7 44. Bf3 Qc2 45. Qxe2 Qxe2 46. Bxe2 a5 47. Bd3 Kh8 48. Rc1 Rc7 49. Rxc7 Rxc7 50. Bxf5 a4 51. Be6 Rc3 52. Kg2 a3 53. g4 b3 54. g5 Rc2+ 55. Kf3 b2 0-1

[Event "Scarborough CC-ch"]
[Site "Toronto"]
[Date "2010.04.22"]
[Round "9"]
[White "Yuan, Yuanling"]
[Black "Hacatoglu, Kevork"]
[Result "1-0"]
[WhiteElo "2323"]
[BlackElo "2212"]
[PlyCount "74"]
[EventDate "2010.02.25"]
[EventType "tourn"]
[EventRounds "9"]
[EventCountry "CAN"]
[SourceTitle "EXT 2022"]
[Source "ChessBase"]
[SourceDate "2021.10.06"]
[SourceVersion "1"]
[SourceVersionDate "2021.10.06"]
[SourceQuality "1"]

1. e4 e6 2. d4 d5 3. Nc3 Bb4 4. e5 c5 5. a3 Bxc3+ 6. bxc3 Qc7 7. Nf3 b6 8. Bd3 Ba6 9. 0-0 Bxd3 10. cxd3 Ne7 11. a4 Nbc6 12. Ba3 Na5 13. dxc5 bxc5 14. Rb1 a6 15. d4 cxd4 16. cxd4 Nc4 17. Bc5 0-0 18. Nd2 Nxd2 19. Qxd2 Rfc8 20. f4 Qd7 21. a5 Rcb8 22. Qd3 Nc6 23. Bb6 g6 24. Qd2 Kg7 25. Rb3 Ne7 26. Rh3 Ng8 27. g4 Rc8 28. f5 exf5 29. gxf5 Qa4 30. fxg6 hxg6 31. Qg5 Qd7 32. Qh4 Rab8 33. Qh7+ Kf8 34. Rhf3 Nh6 35. Qxh6+ Kg8 36. Rxf7 Qxf7 37. Rxf7 Kxf7 1-0

[Event "Toronto Scarborough CC Frost op"]
[Site "Toronto"]
[Date "2010.01.14"]
[Round "2"]
[White "Yuan, Yuanling"]
[Black "Wiebe, Daniel"]
[Result "1/2-1/2"]
[WhiteElo "2324"]
[BlackElo "1940"]
[PlyCount "54"]
[EventDate "2010.01.07"]
[EventType "swiss"]
[EventRounds "6"]
[EventCountry "CAN"]
[SourceTitle "EXT 2011"]
[Source "ChessBase"]
[SourceDate "2010.11.26"]
[SourceVersion "1"]
[SourceVersionDate "2010.11.26"]
[SourceQuality "1"]

1. e4 c5 2. Nf3 d6 3. d4 cxd4 4. Nxd4 Nf6 5. Nc3 a6 6. Be3 e5 7. Nb3 Be6 8. f3 Nbd7 9. Qd2 b5 10. g4 Nb6 11. Qf2 Nc4 12. Bxc4 bxc4 13. g5 Nh5 14. Nc1 Be7 15. h4 Rb8 16. Nd1 d5 17. exd5 Qxd5 18. Ne2 Bb4+ 19. Kf1 Bf5 20. a3 Bxc2 21. axb4 Bxd1 22. Kg2 Bxe2 23. Qxe2 Rxb4 24. Rxa6 Qb7 25. Ra2 0-0 26. Rd1 Rb8 27. Rd2 Qc6 1/2-1/2